000 00638nam a2200217Ia 4500
003 OSt
005 20220926044814.0
006 a|||||r|||| 00| 0
007 ta
008 220923b |||||||| |||| 00| 0 eng d
037 _cGeneral Book
040 _aRTL
_cRTL
_beng
041 _2eng
_aeng
082 _aX9(M72):9t2.N44, H6/GD
110 _aIndia, Labour investigation committee
_9347371
245 0 _aReport
_b An enquiry into conditions of labour
260 _c1946
700 _aIndia, Labour investigation committee
_9347372
942 _hX9(M72):9t2.N44, H6/GD
_cGB
_2CC
999 _c675858
_d675858